000 00670nam a2200217 i 4500
001 91060
003 ES-MaACL
005 20251121165511.0
007 t|
008 050126s1985 sp ||||1| spa d
020 _a84-7232-376-5
100 1 _aLeón-Portilla, Miguel
_971637
245 1 0 _aHernán Cortés y la Mar del Sur /
_cMiguel León-Portilla.
260 _aMadrid :
_bInstituto de Cooperación Iberoamericana,
_c[1985]
300 _a200 p. :
_bmap. ;
_c23 cm.
500 _aIndices.
504 _aBibliografía: p. 191-198.
600 1 4 _aCortés, Hernán,
_d1485-1547
_940853
852 _aES-MaACL
_jL-9479
_bR.110609
999 _c91060
_d91060